000 01010nam a22003257a 4500
001 4241084
003 OSt
005 20210426100820.0
008 830420t19831982nyuc 000 0aeng
010 _a 83008213
020 _a0452255503 (pbk.)
020 _a0452254345
040 _aDLC
_cDLC
_dDLC
_beng
041 _aeng
050 1 0 _aPS3552.A4343
_bZ466 1983b
080 _a92
_bB-17
082 0 0 _a070/.92/4
_aB
_219
100 1 _aBaker, Russell,
_d1925-2019.
245 1 0 _aGrowing up /
_cRussell Baker.
_b/ by: New American Library
260 _aNew York
_bNew American Library
_c[1983] c1982.
300 _a278 p. ill.
_bports. ;
_c23 cm.
500 _a"A Plume book."
600 1 0 _aBaker, Russell,
_d1925-2019
_xChildhood and youth.
650 0 _aAuthors, American
_y20th century
_vBiography.
650 0 _aBiography
_9237
650 0 _aJournalists
_zUnited States
_vBiography.
653 _aბიოგრაფია
906 _a7
_bcbc
_corignew
_d1
_eocip
_f19
_gy-gencatlg
942 _2udc
_cBK
999 _c1276
_d1276